[Event "Fort Worth QCP op 3rd"]
[Site "Fort Worth"]
[Date "2020.07.18"]
[Round "2"]
[White "Root, Alexey"]
[Black "Woodward, Andy"]
[Result "0-1"]
[WhiteElo "2025"]
[BlackElo "1856"]
[PlyCount "126"]
[EventDate "2020.07.18"]
[EventType "swiss"]
[EventRounds "5"]
[EventCountry "USA"]
[SourceTitle "EXT 2021"]
[Source "ChessBase"]
[SourceDate "2020.10.23"]
[SourceVersion "1"]
[SourceVersionDate "2020.10.23"]
[SourceQuality "1"]

1. d4 d5 2. Nf3 Nf6 3. e3 e6 4. c4 c6 5. Nc3 a6 6. Bd3 dxc4 7. Bxc4 b5 8. Bb3 c5 9. dxc5 Qxd1+ 10. Bxd1 Bxc5 11. a3 Bb7 12. b4 Bd6 13. Bb2 Nbd7 14. 0-0 Ke7 15. Be2 Rac8 16. Rac1 Rhd8 17. Nb1 h6 18. h3 g5 19. Rxc8 Rxc8 20. Rc1 Rg8 21. Nd4 Ne5 22. Nd2 g4 23. hxg4 Nfxg4 24. N2f3 h5 25. Nxe5 Nxe5 26. f3 Bd5 27. e4 Bb7 28. Nb3 Ng6 29. Kf2 Nf4 30. Bf1 e5 31. Nc5 Bc8 32. g3 Ne6 33. Nxe6 Bxe6 34. Rc6 Rc8 35. Rxc8 Bxc8 36. Ke3 Bc7 37. f4 Bb6+ 38. Kf3 Bg4+ 39. Kg2 exf4 40. gxf4 h4 41. Bc1 Kf6 42. Kh2 Ke6 43. Bh3 f5 44. exf5+ Kxf5 45. Bg2 Bc7 46. Bb7 Bxf4+ 47. Bxf4 Kxf4 48. Bxa6 Bd7 49. Bb7 Ke3 50. Kg2 Kd4 51. Kf3 Kc3 52. Ke3 Kb3 53. Kd4 Kxa3 54. Kc5 h3 55. Bh1 Kb3 56. Bd5+ Kc3 57. Bh1 Bg4 58. Kxb5 Be2+ 59. Kc5 Bf1 60. b5 Bg2 61. Bxg2 hxg2 62. b6 g1Q+ 63. Kc6 Qg3 0-1

[Event "Speed Chess (Women) Q1"]
[Site "Chess.com INT"]
[Date "2020.06.18"]
[Round "8"]
[White "Gvanceladze, Anna"]
[Black "Root, Alexey"]
[Result "1-0"]
[WhiteElo "2254"]
[BlackElo "2025"]
[PlyCount "123"]
[EventDate "2020.06.18"]
[EventType "swiss (blitz)"]
[EventRounds "9"]
[EventCountry "USA"]
[SourceTitle "CBM 196 Extra"]
[Source "ChessBase"]
[SourceDate "2020.07.31"]
[SourceVersion "1"]
[SourceVersionDate "2020.07.31"]
[SourceQuality "1"]

1. Nf3 g6 2. g3 Bg7 3. Bg2 d6 4. d4 Nf6 5. 0-0 0-0 6. a4 Nc6 7. a5 e5 8. a6 e4 9. Ne1 bxa6 10. d5 Nb4 11. c4 c6 12. dxc6 Nxc6 13. Nc3 Bb7 14. Nxe4 Nxe4 15. Bxe4 Qe7 16. Bg2 Ne5 17. Nd3 Bxg2 18. Kxg2 Nxc4 19. Qa4 d5 20. Re1 Rab8 21. Qxa6 Nxb2 22. Nxb2 Bxb2 23. Bxb2 Rxb2 24. Kg1 Re8 25. Qxa7 Qxa7 26. Rxa7 Rexe2 27. Rxe2 Rxe2 28. Rd7 Rd2 29. Kf1 Kf8 30. Ke1 Rd4 31. Ke2 Ke8 32. Ra7 Re4+ 33. Kd3 Re7 34. Ra8+ Kd7 35. Ra6 Re6 36. Ra7+ Ke8 37. Ra5 Rd6 38. Kd4 Ke7 39. Rxd5 Ke6 40. Rxd6+ Kxd6 41. h4 h5 42. Ke4 Ke6 43. Kf4 Kf6 44. f3 Kg7 45. Ke5 Kg8 46. Kf6 Kf8 47. f4 Kg8 48. f5 gxf5 49. Kxf5 Kg7 50. Kg5 Kh7 51. Kxh5 Kg7 52. Kg5 Kh7 53. Kf6 Kg8 54. g4 Kf8 55. g5 Kg8 56. h5 Kf8 57. g6 fxg6 58. hxg6 Kg8 59. g7 Kh7 60. Kf7 Kh6 61. g8Q Kh5 62. Kf6 1-0

[Event "Texas-ch (Women)"]
[Site "North Richland Hills"]
[Date "2018.06.24"]
[Round "3"]
[White "Kao, Camille Y"]
[Black "Root, Alexey"]
[Result "1-0"]
[WhiteElo "1723"]
[BlackElo "2025"]
[PlyCount "87"]
[EventDate "2018.06.23"]
[EventType "swiss"]
[EventRounds "4"]
[EventCountry "USA"]
[SourceTitle "CBM 185 Extra"]
[Source "ChessBase"]
[SourceDate "2018.07.29"]
[SourceVersion "1"]
[SourceVersionDate "2018.07.29"]
[SourceQuality "1"]

1. d4 f5 2. Nf3 Nf6 3. Bf4 d5 4. e3 e6 5. c4 c6 6. Nc3 Bd6 7. Bd3 0-0 8. 0-0 Ne4 9. c5 Be7 10. h3 Bd7 11. Ne5 Be8 12. f3 Nxc3 13. bxc3 Nd7 14. a4 g5 15. Bh2 Nxe5 16. Bxe5 Bf6 17. f4 Bxe5 18. fxe5 Bg6 19. Qc2 g4 20. hxg4 Qg5 21. Rf4 fxg4 22. g3 Bxd3 23. Qxd3 Rxf4 24. exf4 Qg6 25. Qxg6+ hxg6 26. a5 a6 27. Kg2 Kg7 28. Rh1 Rh8 29. Rh4 Rxh4 30. gxh4 Kh6 31. Kf2 Kh5 32. Kg3 Kh6 33. Kxg4 Kh7 34. Kg5 Kg7 35. h5 gxh5 36. Kxh5 Kh7 37. Kg5 Kg7 38. f5 exf5 39. Kxf5 Kf7 40. e6+ Ke7 41. Ke5 Ke8 42. Kd6 Kd8 43. e7+ Ke8 44. Ke6 1-0

[Event "Texas op (Women)"]
[Site "Lubbock"]
[Date "2008.09.27"]
[Round "2"]
[White "Root, Alexey"]
[Black "O'Neill, Julie Anne"]
[Result "0-1"]
[WhiteElo "2039"]
[BlackElo "1893"]
[PlyCount "135"]
[EventDate "2008.09.27"]
[EventType "swiss"]
[EventRounds "5"]
[EventCountry "USA"]
[SourceTitle "CBM 126 Extra"]
[Source "ChessBase"]
[SourceDate "2008.11.05"]
[SourceVersion "1"]
[SourceVersionDate "2008.11.05"]
[SourceQuality "1"]

1. d4 Nf6 2. Nf3 g6 3. c4 c5 4. e3 Bg7 5. Nc3 cxd4 6. exd4 0-0 7. Be2 d5 8. c5 Nc6 9. Be3 Re8 10. Ne5 a6 11. 0-0 e6 12. Bg5 Qa5 13. Bxf6 Bxf6 14. f4 Qb4 15. f5 Bxe5 16. dxe5 Qxc5+ 17. Kh1 Nxe5 18. f6 b5 19. Rc1 Qe3 20. Bf3 Nxf3 21. Rxf3 Qg5 22. Qf1 Bb7 23. Rg3 Qf5 24. Rf3 Qe5 25. Re1 Qd6 26. Rh3 e5 27. Qf2 Qf8 28. Qh4 h5 29. g4 d4+ 30. Ne4 Qh6 31. gxh5 Qf4 32. Kg1 Qxh4 33. Rxh4 Bxe4 34. Rexe4 d3 35. hxg6 fxg6 36. Kf2 Rad8 37. Ke1 Kf7 38. Rh3 Rd4 39. Rxd4 exd4+ 40. Kd2 Re2+ 41. Kxd3 Rxb2 42. Kxd4 Rxa2 43. Ke5 Re2+ 44. Kd5 Re6 45. Ra3 Rxf6 46. Kc5 g5 47. h3 Kg6 48. Rb3 Kh5 49. Ra3 Kh4 50. Rb3 g4 51. hxg4 Kxg4 52. Re3 Kg5 53. Re1 Kg6 54. Kb4 Kf7 55. Ka5 Re6 56. Rc1 Rd6 57. Rc7+ Ke6 58. Rc1 Kd7 59. Rc2 Rc6 60. Rh2 Kc8 61. Rh8+ Kb7 62. Rh7+ Rc7 63. Rh6 Rc6 64. Rh7+ Kb8 65. Rh8+ Kc7 66. Rh7+ Kc8 67. Rh8+ Kd7 68. Rh7+ 0-1

[Event "North American op 26th"]
[Site "Stillwater"]
[Date "2007.08.31"]
[Round "1"]
[White "Root, Alexey"]
[Black "Williams, John R"]
[Result "1-0"]
[WhiteElo "2035"]
[BlackElo "2128"]
[PlyCount "49"]
[EventDate "2007.08.31"]
[EventType "swiss"]
[EventRounds "10"]
[EventCountry "USA"]
[SourceTitle "CBM 120 Extra"]
[Source "ChessBase"]
[SourceDate "2007.11.01"]
[SourceVersion "1"]
[SourceVersionDate "2007.11.01"]
[SourceQuality "1"]

1. d4 e6 2. Nf3 Bb4+ 3. c3 Be7 4. e4 d5 5. Nbd2 Nf6 6. Bd3 0-0 7. e5 Nfd7 8. Qc2 f5 9. exf6 Nxf6 10. Ne5 c5 11. dxc5 Bxc5 12. Ndf3 Nbd7 13. 0-0 Nxe5 14. Nxe5 Qc7 15. Bf4 Bd6 16. Rae1 Ne4 17. Bxe4 dxe4 18. Qxe4 Bxe5 19. Bxe5 Qf7 20. Re3 Qf5 21. Qd4 Rf7 22. Rg3 g6 23. Rf3 Rd7 24. Qb4 a5 25. Qa3 1-0

[Event "Stillwater Winter op"]
[Site "Stillwater"]
[Date "2007.02.19"]
[Round "7"]
[White "Root, Alexey"]
[Black "Bayaraa, Zorigt"]
[Result "0-1"]
[WhiteElo "2043"]
[BlackElo "2151"]
[PlyCount "62"]
[EventDate "2007.02.17"]
[EventType "swiss"]
[EventRounds "7"]
[EventCountry "USA"]
[SourceTitle "CBM 116 Extra"]
[Source "ChessBase"]
[SourceDate "2007.03.07"]
[SourceVersion "1"]
[SourceVersionDate "2007.03.07"]
[SourceQuality "1"]

1. d4 Nf6 2. Nf3 e6 3. e3 b6 4. c4 Bb7 5. Nc3 Bb4 6. a3 Bxc3+ 7. bxc3 Ne4 8. Bb2 d6 9. d5 Nd7 10. Qc2 Ndc5 11. Rd1 Qe7 12. Nd2 Nf6 13. dxe6 fxe6 14. f3 Nh5 15. Bd3 Qh4+ 16. Ke2 0-0-0 17. Ne4 Nxd3 18. Qxd3 Ba6 19. Qd4 Qe7 20. Kf2 g5 21. h3 Ng7 22. c5 dxc5 23. Qa4 Bb7 24. Qxa7 Rhf8 25. Rxd8+ Rxd8 26. c4 Bxe4 27. Bxg7 Qxg7 28. fxe4 Qb2+ 29. Kg1 Rd1+ 30. Kh2 Qe5+ 31. g3 Qb2# 0-1

[Event "USA-ch (Women)"]
[Site "Long Beach"]
[Date "1993.??.??"]
[Round "?"]
[White "Burtman, Sharon"]
[Black "Root, Alexey"]
[Result "1/2-1/2"]
[WhiteElo "2055"]
[BlackElo "2055"]
[PlyCount "53"]
[EventDate "1993.??.??"]
[EventType "tourn"]
[EventRounds "9"]
[EventCountry "USA"]
[SourceTitle "EXT 1998"]
[Source "ChessBase"]
[SourceDate "1997.11.17"]
[SourceVersion "1"]
[SourceVersionDate "1997.11.17"]
[SourceQuality "1"]

1. d4 e6 2. c4 f5 3. Nf3 Nf6 4. g3 d5 5. Bg2 c6 6. 0-0 Bd6 7. b3 Qe7 8. a4 0-0 9. Ba3 Nbd7 10. Qc2 Ne4 11. Qb2 Ndf6 12. Bxd6 Qxd6 13. c5 Qc7 14. Ne5 Ng5 15. Nd2 Bd7 16. Nd3 Be8 17. b4 Bh5 18. Nf3 Nf7 19. Rfc1 Rae8 20. b5 Nd7 21. a5 e5 22. b6 axb6 23. axb6 Qb8 24. Nfxe5 Nfxe5 25. Nxe5 Nxe5 26. dxe5 Qxe5 27. Qxe5 1/2-1/2

[Event "USA-ch (Women)"]
[Site "Long Beach"]
[Date "1993.??.??"]
[Round "?"]
[White "Pelech, Leslie"]
[Black "Root, Alexey"]
[Result "1/2-1/2"]
[WhiteElo "2220"]
[BlackElo "2055"]
[PlyCount "21"]
[EventDate "1993.??.??"]
[EventType "tourn"]
[EventRounds "9"]
[EventCountry "USA"]
[SourceTitle "EXT 1998"]
[Source "ChessBase"]
[SourceDate "1997.11.17"]
[SourceVersion "1"]
[SourceVersionDate "1997.11.17"]
[SourceQuality "1"]

1. d4 e6 2. Nf3 f5 3. d5 Nf6 4. dxe6 dxe6 5. Qxd8+ Kxd8 6. Nc3 Bd6 7. Bd2 Bd7 8. e4 Nc6 9. Bd3 Ne5 10. Nxe5 Bxe5 11. exf5 1/2-1/2

[Event "USA-ch (Women)"]
[Site "Long Beach"]
[Date "1993.??.??"]
[Round "?"]
[White "Root, Alexey"]
[Black "Belakovskaia, Anjelina"]
[Result "0-1"]
[WhiteElo "2055"]
[BlackElo "2290"]
[PlyCount "60"]
[EventDate "1993.??.??"]
[EventType "tourn"]
[EventRounds "9"]
[EventCountry "USA"]
[SourceTitle "EXT 1998"]
[Source "ChessBase"]
[SourceDate "1997.11.17"]
[SourceVersion "1"]
[SourceVersionDate "1997.11.17"]
[SourceQuality "1"]

1. d4 Nf6 2. Nf3 g6 3. c4 Bg7 4. Nc3 d6 5. e4 0-0 6. Bg5 c6 7. Nd2 Nbd7 8. Be2 Qb6 9. Nb3 a5 10. a4 e5 11. d5 cxd5 12. cxd5 Qb4 13. 0-0 h6 14. Bd2 Nxe4 15. Nxe4 Qxe4 16. Bxa5 Nf6 17. Bf3 Qf5 18. Bc3 e4 19. Be2 Qxd5 20. Qxd5 Nxd5 21. Bxg7 Kxg7 22. Rfd1 Nf4 23. Bb5 Rd8 24. Rd2 Be6 25. Nd4 Bd7 26. g3 Bxb5 27. Nxb5 Nd3 28. Kg2 d5 29. b3 Rac8 30. Nd4 Kf6 0-1

[Event "USA-ch (Women)"]
[Site "Long Beach"]
[Date "1993.??.??"]
[Round "?"]
[White "Root, Alexey"]
[Black "Hahn, Anna"]
[Result "0-1"]
[WhiteElo "2055"]
[BlackElo "2230"]
[PlyCount "90"]
[EventDate "1993.??.??"]
[EventType "tourn"]
[EventRounds "9"]
[EventCountry "USA"]
[SourceTitle "EXT 1998"]
[Source "ChessBase"]
[SourceDate "1997.11.17"]
[SourceVersion "1"]
[SourceVersionDate "1997.11.17"]
[SourceQuality "1"]

1. d4 Nf6 2. Nf3 g6 3. c4 Bg7 4. Nc3 0-0 5. e4 d6 6. Bg5 h6 7. Bh4 g5 8. Bg3 Nh5 9. Be2 e6 10. d5 f5 11. Nd4 Nxg3 12. fxg3 fxe4 13. Nxe4 exd5 14. cxd5 Qe7 15. Nc3 Qe3 16. Nc2 Qf2+ 17. Kd2 Qxg2 18. Ne3 Bxc3+ 19. bxc3 Qe4 20. Rf1 Re8 21. Ng4 Bxg4 22. Bxg4 Qxd5+ 23. Kc1 Qxd1+ 24. Bxd1 Kg7 25. Rb1 b6 26. h4 Nd7 27. hxg5 hxg5 28. Kd2 Re5 29. Bb3 Nf6 30. Rf3 Rf8 31. Rbf1 Ne4+ 32. Kc2 Rxf3 33. Rxf3 Nf6 34. Kd3 d5 35. c4 dxc4+ 36. Kxc4 g4 37. Rd3 a6 38. Rd8 Re4+ 39. Kd3 Re8 40. Rxe8 Nxe8 41. Ke4 Nf6+ 42. Ke5 Kg6 43. Ke6 Kg5 44. Ke7 c5 45. a4 Ne4 0-1